000 00724nam a2200217Ia 4500
008 191130s2007##################000#0#eng##
020 _a9781403935656
040 _aACL
_cACL
082 _a302.2322 RIC
100 _aRichardson, John E
245 _aAnalysing newspapers : an approach from critical discourse analysis
_cJohn E. Richardson
260 _aBasingstoke, Hampshire
_bPalgrave Macmillan
_c2007
300 _axi, 268 p. : ill. ; 24 cm
500 _aIncludes bibliographical references (p. 245-260) and index
650 _aDiscourse analysis
650 _aJournalism - Objectivity
650 _aNewspapers - Language
990 _aa4fea43fac10000c78fafcf3391e15be
991 _a216662
999 _c369479
_d369479